| 000 | 02228cam a2200289 4500 | ||
|---|---|---|---|
| 001 | ABS65640 | ||
| 008 | 020628n2002 000 0 eng u | ||
| 035 | _a(Sirsi) u118578 | ||
| 245 | _aR (on the application of Morris) v London Rent Assessment Committee and others | ||
| 260 | _c2002 | ||
| 490 |
_aEstates Gazette Law Reports _v(0224) 24 EG 149-152(4) |
||
| 520 | _aCA 7 March 2002. Claimants (M) appeal from the dismissal of Hooper J on 4 May 2001, of his application for judicial review of a) the decision of the London Rent Assessment Committee to proceed to determine the rent of his Chelsea flat under the provisions of the Local Government and Housing Act 1989 s186, and b) the subsequent determination of the rent by the committee, at £2 708 per month (£32 496 pa) The main dispute concerned the status of M's tenancy of his flat. Whether after the expiration of M's tenancy, which was a long lease at a low rent, M became, as he argued, a statutory tenant of the flat under the Landlord and Tenant Act 1954 Part I, or whether as his landlord (L) contended M became an assured tenant under the 1989 Act. The resolution of the issue was whether a notice terminating the tenancy, given by L in 1995 was valid as did did not name the tenant of the flat at the time (F) but was addressed to his predecessor in title (B). M contended the 1995 notice was valid while L argued that it was not. L and Hooper J held that the 1995 notice was invalid. M appealed. "Held" appeal was dismissed. View judgment at www.courtservice.gov.uk/. | ||
| 590 | _aABS | ||
| 650 | _aTERMINATION | ||
| 650 | _aPROPERTY-RESIDENTIAL PROPERTY-RESIDENTIAL LANDLORD AND TENANT-RESIDENTIAL TENANCIES | ||
| 650 | _aLOCAL GOVERNMENT AND HOUSING ACT 1989 S186 | ||
| 650 | _aLANDLORD AND TENANT ACT 1954 PART I | ||
| 650 | _aR V LONDON RENT ASSESSMENT COMMITTEE AND OTHERS EX P MORRIS | ||
| 650 | _aLONG LEASES | ||
| 650 | _aRENT ACT 1977 | ||
| 650 | _aRENT ASSESSMENT | ||
| 650 | _aHOUSING ACT 1988 | ||
| 650 | _aVALIDITY | ||
| 690 | _aLANDLORD AND TENANT-RESIDENTIAL TENANCIES-CASE LAW | ||
| 856 |
_uhttps://www.courtservice.gov.uk/View.do?id=1111&searchTerm=Morris _zView judgment on the Court Service website... |
||
| 942 | _n0 | ||
| 999 |
_c70610 _d70610 |
||